Methode de l'ethnographie.

Bibliographic Details
Main Author: Griaule, Marcel, 1898-1956
Format: Book
Language:French
Published: Paris : Presses universitaires de France, 1957.
Edition:[1. ed.].
Series:Publications de la Faculte des lettres de Paris,6
Subjects:

MARC

Tag First Indicator Second Indicator Subfields
LEADER 00000cam a2200000 4500
001 in00000047062
005 20151007065415.0
008 751107s1957 fr 00000 fre c
010 |a a 58002585  
035 |a (OCoLC)01815850 
035 |9 AAE1931AM 
040 |a Indiana Univ. Libr.  |c JHE  |d TXA  |d UtOrBLW 
049 |a TXAM  |c [294052] 
050 0 |a GN33 
090 |a GN33  |b G75 1957 
092 |a 572  |b G846m 
100 1 |a Griaule, Marcel,  |d 1898-1956. 
245 1 0 |a Methode de l'ethnographie. 
250 |a [1. ed.]. 
264 1 |a Paris :  |b Presses universitaires de France,  |c 1957. 
300 |a 107 pages :  |b illustrations ;  |c 23 cm. 
336 |a text  |b txt  |2 rdacontent 
337 |a unmediated  |b n  |2 rdamedia 
338 |a volume  |b nc  |2 rdacarrier 
490 0 |a Publications de la Faculte des lettres de Paris,6 
650 0 |a Ethnology  |x Methodology. 
999 |a MARS 
999 f f |s 8a6b55d9-42c5-3f96-8d35-a45b5697b4fa  |i 843d52c3-19d4-3ebe-a814-103c7f6137da  |t 0 
952 f f |p ric  |a Texas A&M University  |b Rellis Campus  |c Joint Library Facility  |d Remote Storage  |t 0  |e GN33 G75 1957  |h Library of Congress classification  |i unmediated -- volume  |m A14800967291 
998 f f |a GN33 G75 1957  |t 0  |l Remote Storage